000 01187cam a2200301 4500
008 090401t1991 xxu||||| |||| 00| 0 eng d
020 _a0419174702
035 _a(Sirsi) u75355
041 _aeng
050 _a658.99
110 _aTechnical University of Lisbon
_9299
245 _aManagement, quality and economics in buildings: transactions of the European Symposium on Management, Quality and Economics in Housing and Other Building Sectors held in Lisbon, 30 September - 4 October 1991.
260 _aLondon
_bE. & F.N. Spon
_c1991
300 _axxxiv,1854p. : ill. ; 24cm.
350 _a97.5
520 _aHeld under the auspices of CIB, CIB commissions W65, W88, W55 and W70, European Network for Housing Research and European Organization for Quality, Construction Section.
650 _aBUILDING INDUSTRY
650 _aECONOMICS
650 _aHOUSING POLICY
650 _aMANAGEMENT-BUSINESS MANAGEMENT-INFORMATION MANAGEMENT
650 _aMANAGEMENT
650 _aQUALITY ASSURANCE
690 _aBUILT ENVIRONMENT
700 _aBezelga, Artur & Brandon, Peter,
_xEditor
710 _aUniversity of Salford.
_93465
942 _n0
948 _c04/03/1997
999 _c95998
_d95998